Introduction to hospital accounting
Salvato in:
| Autore principale: | |
|---|---|
| Natura: | Libro |
| Lingua: | inglese |
| Pubblicazione: |
Chicago
Hospital Financial Management Association
1971
|
| Soggetti: | |
| Tags: |
Nessun Tag, puoi essere il primo ad aggiungerne!!
|
MARC
| LEADER | 00000nam a2200000 4500 | ||
|---|---|---|---|
| 001 | c124667 | ||
| 005 | 20221123135414.9 | ||
| 041 | 0 | |a eng | |
| 044 | |a US | ||
| 245 | 1 | 0 | |a Introduction to hospital accounting |c L.Vann Seawell |
| 264 | 1 | |a Chicago |b Hospital Financial Management Association |c 1971 | |
| 300 | |a 200 s. | ||
| 610 | 2 | 0 | |a zdravotníctvo |
| 610 | 2 | 0 | |a nemocnice |
| 610 | 2 | 0 | |a účtovanie |
| 610 | 2 | 0 | |a účtovníctvo finančné |
| 610 | 2 | 0 | |a účtovníctvo prevádzkové |
| 610 | 2 | 0 | |a revízia účtovná |
| 610 | 2 | 0 | |a účtovníctvo mzdové |
| 100 | 1 | |a Seawell, L.Vann | |